000 00638 a2200181 4500
005 20251203153829.0
010 _aENG-147222
020 _a9788188965700
_c425.00
035 _aEN-130754
037 _bDBAD
082 _a342.54085
_21
245 _aElusive Equality:
_bConstitutional Guarantees and Legal Regimes in South Asia, Malaysia and China/
_cEdited by Indira Jaising
260 _aNew Delhi
_bWomen Unlimited
_c2011
270 _aK-36, Hauz Khas Enclave, Ground Floor,
_bNew Delhi
_e110 016
300 _a252p.
_c24cm(Hb)
700 _aJaising, Indira
_eEditor
_985848
942 _adpl
_cEN
_2ddc
_h342.54085
_mELU
999 _c213832
_d213832